[Event "TCh-ROM A"]
[Site "Tusnad ROM"]
[Date "2005.05.27"]
[Round "7"]
[White "Nemeth,F"]
[Black "Stan,D"]
[Result "1-0"]
[WhiteElo "2405"]
[BlackElo "1970"]

1.e4 d6 2.d4 g6 3.Nc3 Bg7 4.Bg5 h6 5.Bh4 Nf6 6.e5 Nh7 7.f4 c6 8.Nf3 O-O 9.Bd3 Qc7
10.Bf2 dxe5 11.dxe5 Rd8 12.Qe2 b5 13.a4 b4 14.Ne4 a5 15.O-O-O Ba6 16.Nc5 Bxd3
17.Rxd3 Nd7 18.Nxd7 Rxd7 19.Rxd7 Qxd7 20.Rd1 Qg4 21.g3 g5 22.Nd4 Qxe2 23.Nxe2 gxf4
24.gxf4 Nf8 25.Bc5 f6 26.Bxe7 fxe5 27.f5 Kf7 28.Bc5 Bf6 29.Ng3 Bg5+ 30.Kb1 Rd8
31.Rxd8 Bxd8 32.Bxf8 Kxf8 33.Ne4 Kf7 34.Kc1 Bb6 35.Kd2 Bg1 36.h3 Bd4 37.c3 bxc3+
38.bxc3 Bb6 39.Kd3 Ke7 40.Nd2 Kf7 41.Ke4 Kf6 42.Nc4 Bc7 43.Ne3 h5 44.Nc4 c5
45.h4 Bd8 46.Nxe5 Kg7 47.Ng6 Bf6 48.c4 Bd4 49.Nf4 Kh6 50.Kd5 Bf6  1-0

[Event "TCh-ROM A"]
[Site "Tusnad ROM"]
[Date "2005.05.28"]
[Round "8"]
[White "Istrati,I"]
[Black "Handorean,P"]
[Result "0-1"]
[WhiteElo "2015"]
[BlackElo "2024"]

1.e4 g6 2.d4 Bg7 3.Nc3 d6 4.Be3 Nd7 5.Bd3 c5 6.Nge2 Ngf6 7.f3 a6 8.a4 Qc7
9.dxc5 dxc5 10.Ng3 O-O 11.O-O b6 12.f4 e5 13.Bc4 Bb7 14.f5 Kh8 15.Qe2 Ne8
16.Nd5 Qd8 17.Rad1 Nd6 18.Rf2 Nxc4 19.Qxc4 Nf6 20.Nc3 Qc7 21.Rfd2 Rad8 22.Rxd8 Rxd8
23.Rxd8+ Qxd8 24.Qxf7 Qd7 25.fxg6 Qxf7 26.gxf7 Bf8 27.Bg5 Kg7 28.Bxf6+ Kxf6
29.Nd5+ Kxf7 30.Nxb6 Ke6 31.Nc4 h5 32.Nd2 Be7 33.Kf2 h4 34.Ngf1 Kf7 35.Kf3 Kg6
36.Kg4 Bc8+ 37.Kf3 Kh5 38.h3 Be6 39.Ne3 Kg5 40.Ndc4 Bf6 41.Ng4 Bxc4 42.Nxf6 Kxf6
43.Kg4 Be2+ 44.Kxh4 Bd1 45.a5 Bxc2 46.Kg3 Bxe4 47.Kf2 Kg5 48.g3 c4 49.Kf1 Bf3
50.Kg1 Kf5 51.Kf2 Ke4 52.g4 Bxg4 53.hxg4 Kf4 54.g5 Kxg5 55.Kf3 Kf5 56.Ke3 Ke6
57.Kd2 Kd5 58.Kc3 e4 59.b4 cxb3 60.Kxb3 Kd4 61.Kc2 Ke3 62.Kc3 Kf2 63.Kd4 e3
64.Kc5 e2 65.Kb6 e1=Q 66.Kxa6 Qe6+ 67.Ka7 Qd7+ 68.Kb6 Qc8 69.Ka7 Ke3 70.a6 Kd4  0-1

[Event "Summer"]
[Site "Alushta UKR"]
[Date "2005.05.29"]
[Round "5"]
[White "Lahiri,A"]
[Black "Annageldyev,O"]
[Result "0-1"]
[WhiteElo "2355"]
[BlackElo "2483"]

1.d4 g6 2.e4 Bg7 3.Nc3 d6 4.Be3 Nf6 5.Qd2 c6 6.Bh6 Bxh6 7.Qxh6 Qa5 8.Bd3 b5
9.Qd2 b4 10.Nd1 O-O 11.Ne2 Ba6 12.O-O Bxd3 13.cxd3 Nbd7 14.Ne3 Qb5 15.f4 c5
16.dxc5 Nxc5 17.Rad1 Rad8 18.f5 b3 19.a3 Na4 20.Nf4 Qe5 21.Rf2 Rc8 22.Rdf1 Rfe8
23.Nfd5 Nxd5 24.exd5 Qd4 25.Qe2 Nxb2 26.fxg6 fxg6 27.Rf4 Qc3 28.Ng4 Nxd3
29.Nh6+ Kh8 30.Nf7+ Kg7 31.R4f3 Qd4+ 32.Kh1 Rc2 33.Rxd3 Rxe2 34.Rxd4 Rf8
35.Rdf4 b2 36.Ng5 Rxf4  0-1

[Event "TCh-BIH Prem"]
[Site "Neum BIH"]
[Date "2005.06.04"]
[Round "1"]
[White "Gavric,M"]
[Black "Arapovic,V"]
[Result "1/2-1/2"]
[WhiteElo "2398"]
[BlackElo "2435"]

1.e4 g6 2.d4 Bg7 3.Nc3 d6 4.Nf3 Nf6 5.Be2 O-O 6.O-O Bg4 7.Be3 Nc6 8.Qd2 e5
9.dxe5 dxe5 10.Rad1 Qc8 11.Qc1 Rd8 12.Rxd8+ Qxd8 13.Rd1 Qe8 14.h3 Bxf3 15.Bxf3 a6
16.Nd5  1/2-1/2

[Event "Berman Hillman"]
[Site "Santa Cruz BOL"]
[Date "2005.06.09"]
[Round "4"]
[White "Zambrana,O"]
[Black "Campero,R"]
[Result "1-0"]
[WhiteElo "2472"]
[BlackElo "2244"]

1.e4 g6 2.d4 d6 3.Nc3 Bg7 4.Nf3 Nf6 5.h3 O-O 6.Be3 a6 7.a4 b6 8.Bc4 Bb7 9.e5 Ne8
10.O-O d5 11.Bd3 Nc6 12.Re1 Nb4 13.Bf1 a5 14.Ne2 Ba6 15.Qd2 e6 16.c3 Nc6
17.Bg5 Qd7 18.Ng3 Bxf1 19.Nxf1 f6 20.exf6 Nxf6 21.Ng3 Kh8 22.h4 Rae8 23.Re2 Ng4
24.h5 e5 25.h6 Bf6 26.Bxf6+ Rxf6 27.dxe5 Ngxe5 28.Nxe5 Rxe5 29.Rxe5 Nxe5
30.Re1 Qe7 31.f4 Qc5+ 32.Kh1 Nd7 33.Re8+ Rf8 34.b4 Qd6 35.Qd4+ Nf6 36.Ne4  1-0

[Event "TCh-IRI"]
[Site "Tehran IRI"]
[Date "2005.06.10"]
[Round "5"]
[White "Tajvidi,A"]
[Black "Daneshpour,SA"]
[Result "1-0"]
[WhiteElo "2219"]
[BlackElo "2106"]

1.e4 g6 2.d4 Bg7 3.Nc3 d6 4.Be3 c6 5.f3 b5 6.Qd2 Qa5 7.Nge2 Nd7 8.g4 Nb6
9.Ng3 Nf6 10.g5 Nfd7 11.h4 b4 12.Nd1 c5 13.b3 cxd4 14.Bxd4 Bxd4 15.Qxd4 Qe5
16.Qxe5 Nxe5 17.f4 Nf3+ 18.Kf2 Nd4 19.c3 bxc3 20.Nxc3 Bg4 21.Nb5 Nxb5 22.Bxb5+ Bd7
23.Bd3 h6 24.h5 hxg5 25.hxg6 O-O-O 26.Rxh8 Rxh8 27.Rh1 Rg8 28.gxf7 Rf8 29.fxg5 Rxf7+
30.Nf5 Bxf5 31.exf5 Rf8 32.g6 Rg8 33.Rh7 Kd8 34.f6 exf6 35.Rxa7 d5 36.g7 Nc8
37.Bh7 Re8 38.Ra8  1-0

[Event "National Open"]
[Site "Las Vegas USA"]
[Date "2005.06.11"]
[Round "3"]
[White "Browne,W"]
[Black "Kerman,D"]
[Result "1-0"]
[WhiteElo "2446"]
[BlackElo "2207"]

1.e4 d6 2.d4 g6 3.Nc3 Bg7 4.Be3 c6 5.a4 Nf6 6.Nf3 Qa5 7.Bd3 O-O 8.h3 Nbd7
9.O-O e5 10.dxe5 Nxe5 11.Nxe5 dxe5 12.Bc4 Re8 13.Qd3 Be6 14.Bxe6 Rxe6 15.Rfd1 Bf8
16.Qc4 Qb4 17.Qxb4 Bxb4 18.Na2 Ba5 19.f3 Bb6 20.Kf2 Kf8 21.Nb4 Bxe3+ 22.Kxe3 a5
23.Nd3 Nd7 24.b3 Ke7 25.Nb2 Nb6 26.Rd3 Rc8 27.Rad1 Rc7 28.Rc3 Nd7 29.Nc4 b6
30.Rcd3 Ra7 31.Nd6 Rc7 32.Nxf7 Nc5 33.Ng5 Nxd3 34.Nxe6 Nb2 35.Nxc7 Nxd1+
36.Kd2 Nf2 37.Na8 b5 38.axb5 cxb5 39.Nc7 b4 40.Nd5+ Kd6 41.Ne3 Kc5 42.Ng4 Nxg4
43.hxg4 g5 44.Ke3  1-0

[Event "TCh-BIH Prem"]
[Site "Neum BIH"]
[Date "2005.06.11"]
[Round "8"]
[White "Lugovoi,A"]
[Black "Nurkic,S"]
[Result "1/2-1/2"]
[WhiteElo "2557"]
[BlackElo "2409"]

1.d4 g6 2.e4 Bg7 3.Nc3 d6 4.Be3 Nf6 5.Qd2 O-O 6.f3 e5 7.d5 a6 8.O-O-O b5
9.Kb1 Nh5 10.g4 Nf4 11.h4 f5 12.exf5 gxf5 13.Bxf4 exf4 14.g5 Nd7 15.Nce2 Nc5
16.Nh3 Qe7 17.Nhxf4 Qe5 18.Nd4 Bb7 19.Bh3 Rae8 20.c3 Qe3 21.Qxe3 Rxe3 22.Rhf1 Bc8
23.Rde1 Rxe1+ 24.Rxe1 Be5 25.Ng2 Nd3 26.Re2 Bg3 27.Re3 f4 28.Be6+ Bxe6 29.Rxe6 Ne5
30.Re7 Rf7 31.Re8+ Rf8 32.Rxf8+ Kxf8 33.Kc2 Kf7 34.h5 Kg8 35.Kd1 Nc4 36.Ne6 Nxb2+
37.Ke2 Na4 38.Kd2 Nb6 39.Nxc7 Kf7 40.Kd3 Ke7 41.Ke4 Na4 42.Kf5 Nxc3 43.g6 hxg6+
44.Kxg6 Bf2 45.Nxf4 Nxa2 46.Nd3 Bd4 47.Nxa6  1/2-1/2

[Event "III Open"]
[Site "Bajada de la Virgen ESP"]
[Date "2005.06.14"]
[Round "2"]
[White "Delchev,A"]
[Black "Todorcevic,M"]
[Result "1-0"]
[WhiteElo "2614"]
[BlackElo "2481"]

1.e4 g6 2.d4 Bg7 3.Nc3 d6 4.Be3 Nf6 5.h3 O-O 6.Nf3 a6 7.a4 b6 8.Bc4 e6 9.Bg5 h6
10.Bh4 Bb7 11.Qe2 g5 12.Bg3 Nbd7 13.O-O d5 14.exd5 exd5 15.Ba2 c5 16.Rad1 c4
17.Ne5 b5 18.axb5 axb5 19.Bb1 b4 20.Na2 Ne4 21.Bh2 c3 22.Nxb4 Nxe5 23.dxe5 Qb6
24.Nxd5 Bxd5 25.Rxd5 Nd2 26.Rb5 Qa6 27.Re1 Nxb1 28.Rxb1 Rab8 29.bxc3 Ra8  1-0

[Event "TCh-ARG Magistral AFA"]
[Site "Buenos Aires ARG"]
[Date "2005.06.14"]
[Round "7"]
[White "Real de Azua,E"]
[Black "Nedilsky,D"]
[Result "1/2-1/2"]
[WhiteElo "2391"]
[BlackElo "2343"]

1.e4 d6 2.d4 g6 3.Nc3 Bg7 4.Be3 Nf6 5.h3 Nbd7 6.Nf3 e5 7.dxe5 dxe5 8.Bc4 O-O
9.Qe2 Qe7 10.O-O c6 11.a4 Nc5 12.Nd2 Ne6 13.Nb3 Nh5 14.Bxe6 Qxe6 15.Nc5 Qe7
16.Nd3 Qh4 17.Qd2 Bf6 18.f4 Ng3 19.Rf3 exf4 20.Bxf4 Bxc3 21.Bxg3 Bxd2 22.Bxh4 Be6
23.Bf6 h6  1/2-1/2

[Event "III Open"]
[Site "Bajada de la Virgen ESP"]
[Date "2005.06.15"]
[Round "4"]
[White "Illijin,N"]
[Black "Todorcevic,M"]
[Result "0-1"]
[WhiteElo "2244"]
[BlackElo "2481"]

1.e4 g6 2.d4 Bg7 3.Nc3 d6 4.Be3 c6 5.Qd2 Nd7 6.Nf3 b5 7.Bd3 Nb6 8.d5 b4 9.Nd1 cxd5
10.Bb5+ Bd7 11.Bxd7+ Qxd7 12.exd5 Nf6 13.Bxb6 axb6 14.O-O O-O 15.Ne3 Ra5
16.Rfd1 Rfa8 17.Rab1 Bh6 18.Qxb4 Bxe3 19.fxe3 Nxd5 20.Qd4 Nf6 21.a3 Rc5 22.c4 Qe6
23.Nd2 Rg5 24.Nf3 Rg4 25.e4 Rxe4 26.Re1 Rxd4 27.Rxe6 Re4 28.Rxe4 Nxe4 29.Re1 f5
30.Nd4 Kf7 31.Re3 Rc8 32.b3 d5 33.g4 f4 34.Rf3 e5 35.Ne2 Ng5 36.Rc3 d4 37.Rd3 Ne6
38.Rd1 Nc5 39.Nc1 Kf6 40.Kg2 Ne6 41.Nd3 e4 42.Nb4 Ke5 43.Nd5 g5 44.Nxb6 Rd8
45.c5 e3 46.Nc4+ Ke4 47.c6 f3+ 48.Kg3 f2 49.Rc1 Nc5 50.a4 Rf8 51.b4 Nd3  0-1

[Event "Marx Gyorgy Open"]
[Site "Paks HUN"]
[Date "2005.06.15"]
[Round "2"]
[White "Baki,P2"]
[Black "Ianov,V"]
[Result "0-1"]
[WhiteElo "2092"]
[BlackElo "2381"]

1.e4 d6 2.d4 g6 3.Nc3 Bg7 4.Be3 a6 5.Qd2 Nd7 6.O-O-O b5 7.f3 Bb7 8.h4 h6
9.g4 Rc8 10.g5 hxg5 11.Bxg5 c5 12.dxc5 Nxc5 13.Bh3 b4 14.Nd5 b3 15.Kb1 Nxe4
16.fxe4 bxc2+ 17.Ka1 cxd1=Q+ 18.Qxd1 Rc4 19.Bg2 Bxd5 20.exd5 Qb6 21.Qe2 Rb4
22.Bc1 Nf6 23.Nh3 Rhxh4 24.Re1 Ne4 25.Qc2 Qc5  0-1

[Event "III Open"]
[Site "Bajada de la Virgen ESP"]
[Date "2005.06.16"]
[Round "6"]
[White "Carlsson,P"]
[Black "Todorcevic,M"]
[Result "1-0"]
[WhiteElo "2401"]
[BlackElo "2481"]

1.e4 g6 2.d4 Bg7 3.Nc3 d6 4.f4 Nf6 5.Nf3 O-O 6.Bd3 Na6 7.O-O c5 8.d5 Bg4
9.Bc4 Nc7 10.h3 Bd7 11.e5 Nfe8 12.a4 a6 13.a5 Bb5 14.Qd3 Bxc4 15.Qxc4 Rb8
16.Rd1 b5 17.axb6 Rxb6 18.Ne4 Qa8 19.Qd3 c4 20.Qxc4 Qb7 21.Qd3 f5 22.Nc3 Rb4
23.Ra4 a5 24.b3 Na6 25.Be3 Rxa4 26.Nxa4  1-0

[Event "Open"]
[Site "Mielo POL"]
[Date "2005.06.17"]
[Round "8"]
[White "Szymanski,A2"]
[Black "Szymczak,Z"]
[Result "0-1"]
[WhiteElo "2257"]
[BlackElo "2315"]

1.d4 g6 2.e4 Bg7 3.Nc3 d6 4.Be3 a6 5.Qd2 b5 6.a3 Bb7 7.f3 Nd7 8.Nge2 c5 9.dxc5 Nxc5
10.Nd4 Rc8 11.Be2 Nf6 12.O-O O-O 13.Rfd1 Qc7 14.Rac1 Qb8 15.Bf1 Rfd8 16.Qf2 Ncd7
17.Nb3 Ba8 18.Rd2 e6 19.Rcd1 d5 20.exd5 Nxd5 21.Nxd5 Bxd5 22.Nd4 Be5 23.Kh1 Nc5
24.Nxb5 axb5 25.Bxc5 Bxh2 26.Ba7 Qe5 27.Qh4 Bg3 28.Bd4 Qf4 29.Qxf4 Bxf4 30.Bf6 Bxd2
31.Bxd8 Rxc2 32.Bf6 Bc4 33.Bxc4 bxc4 34.a4 h6 35.a5 g5 36.a6 Be3 37.Be5 Kh7
38.Kh2 Kg6 39.Ra1 Ba7 40.Rd1 f6 41.Bc3 Bc5 42.Ra1 Ba7 43.Ra4 Rc1 44.Rxc4 Ra1
45.Rc6 Kf5 46.g3 h5 47.b4 Ra2+ 48.Kh1 Rf2 49.Rc7 Be3 50.a7 Ra2 51.Rf7 e5
52.g4+ hxg4 53.fxg4+ Ke6 54.Rc7 Bxa7 55.Rc6+ Kd5 56.Rxf6 Rc2 57.Bxe5 Kxe5
58.Rf5+ Ke4 59.Rxg5 Kf3 60.Rf5+ Kxg4  0-1

[Event "White Nights"]
[Site "St Petersburg RUS"]
[Date "2005.06.18"]
[Round "1"]
[White "Korchagina,V"]
[Black "Bryndin,V"]
[Result "0-1"]
[WhiteElo "1974"]
[BlackElo "2242"]

1.e4 g6 2.d4 Bg7 3.Nc3 d6 4.f4 c6 5.Nf3 Bg4 6.Be3 Nd7 7.Bd3 Qb6 8.Ne2 Bxf3
9.gxf3 Qxb2 10.O-O Qb6 11.Qd2 Ngf6 12.Kh1 d5 13.e5 Ng8 14.Rg1 e6 15.f5 exf5
16.Bxf5 Ne7 17.Bd3 Nf8 18.a4 Ne6 19.c3 O-O 20.f4 f5 21.Bf2 Rad8 22.Bh4 Rd7
23.Bg5 Qa5 24.Qc2 c5 25.Qb2 Nc6 26.Bb5 Rc8 27.dxc5 Nxc5 28.Nd4 Rdc7 29.Bxc6 bxc6
30.Bf6 Rb7 31.Qg2 Bxf6 32.exf6 Qxc3 33.Nxf5 Qxf6 34.Qh3 Rf8 35.Nh6+ Kh8 36.f5 Rb3
37.Qg4 Ne4 38.Raf1 g5 39.Qd1 Rh3 40.Ng4 Qc3 41.Rg2 Ng3+ 42.Kg1 Nxf1 43.Qxf1 Rf3
44.Rf2 Qd4 45.Qg2 R3xf5  0-1

[Event "Marx Gyorgy Open"]
[Site "Paks HUN"]
[Date "2005.06.19"]
[Round "6"]
[White "Papp,T1"]
[Black "Ianov,V"]
[Result "0-1"]
[WhiteElo "2221"]
[BlackElo "2381"]

1.e4 d6 2.d4 g6 3.Nc3 Bg7 4.f4 a6 5.Nf3 Nd7 6.Bd3 e6 7.O-O Ne7 8.a4 b6 9.Be3 Bb7
10.Ne2 Nf6 11.Ng3 O-O 12.c3 Qd7 13.f5 exf5 14.exf5 Ned5 15.Bd2 Rae8 16.fxg6 fxg6
17.Qb3 Kh8 18.Rae1 Ng4 19.Be4 Ngf6 20.Bd3 Bc6 21.c4 Rxe1 22.Rxe1 Ne7 23.d5 Bxa4
24.Qa3 b5 25.b3 bxc4 26.Qxa4 Qxa4 27.bxa4 cxd3 28.Rxe7 Nxd5 29.Re1 h6 30.Ne4 Rb8
31.Rc1 g5 32.h3 Kg8 33.Ba5 Rb2 34.Bd2 Ra2 35.a5 Ra4 36.Nc3 Bxc3 37.Bxc3 Nf4
38.Re1 Ne2+ 39.Rxe2 dxe2 40.Kf2 c5 41.Kxe2 Kf7 42.g4 Ra3 43.Bd2 Ke6 44.h4 gxh4
45.Nxh4 Rg3 46.Bxh6 Rxg4 47.Nf3 Ra4 48.Bd2 Ra3 49.Ne1 Kd5 50.Nc2 Rh3 51.Bf4 Kc6
52.Kd2 Rh4 53.Be3 Ra4 54.Kc3 Rxa5 55.Bf2 Ra4 56.Be3 Rh4 57.Bf2 Rh3+ 58.Kb2 d5
59.Bg1 Rg3  0-1

[Event "Suduroy"]
[Site "Tvoroyri FAI"]
[Date "2005.06.19"]
[Round "2"]
[White "Samuelsen,C"]
[Black "Simonsen,H"]
[Result "1/2-1/2"]
[WhiteElo "2238"]
[BlackElo "2317"]

1.d4 d6 2.e4 g6 3.Nc3 Bg7 4.Be3 a6 5.Qd2 b5 6.a4 b4 7.Nd1 a5 8.c3 Nf6 9.f3 Na6
10.Bb5+ Bd7 11.Ne2 bxc3 12.bxc3 O-O 13.O-O c6 14.Bd3 Qc7 15.Nb2 Rfb8 16.Nc4 Be6
17.Rfb1 Rxb1+ 18.Rxb1 Rb8 19.Rxb8+ Nxb8 20.Qb2 Nbd7 21.Nf4 Bxc4 22.Bxc4 Bh6
23.Ba2 Qb6 24.Qd2 e5 25.Nd5 Bxe3+ 26.Nxe3 Qa7 27.Kf1 exd4 28.cxd4 c5 29.dxc5 Qxc5
30.Nc4 d5 31.exd5 Nxd5 32.Nxa5 Ne3+ 33.Ke2 Ne5 34.Nb3 Qa3 35.Qxe3 Qxa2+ 36.Nd2 Nc4
37.Qd3 Nxd2 38.Qxd2 Qxa4 39.Kf2 Qa1 40.Qe1 Qf6 41.Qe3 Kg7 42.Qe4 Qa1 43.Qe3 h5
44.h4 Qa4 45.Qe5+ Kh7  1/2-1/2

[Event "19th Open Pula"]
[Site "Pula CRO"]
[Date "2005.06.20"]
[Round "2"]
[White "Jovanovic,Zo CRO"]
[Black "Andersen,L NOR"]
[Result "1/2-1/2"]
[WhiteElo "2481"]
[BlackElo "2214"]

1.e4 d6 2.d4 g6 3.Nc3 Bg7 4.Nf3 Nf6 5.Be3 O-O 6.h3 c6 7.a4 Qc7 8.Be2 Nbd7
9.O-O e5 10.Qd2 Re8 11.dxe5 dxe5 12.Rfd1 Bf8 13.Bh6 Nc5 14.Bxf8 Kxf8 15.Qh6+ Kg8
16.Ng5 Ne6 17.h4 Qe7 18.Bc4 Qc5 19.Bxe6 Bxe6 20.Rd2 Bg4 21.Nd1 Rad8 22.Rxd8 Rxd8
23.Ne3 Bc8 24.h5 Rd2 25.hxg6 hxg6 26.Rf1 a5 27.Nf3 Rd6 28.Qh4 Kg7 29.b3 b5
30.Ng5 Rd8 31.Nh7 Rd6 32.Nxf6 Rxf6 33.axb5 cxb5 34.g3 Bb7 35.Rd1 Rd6 36.Rxd6 Qxd6
37.Qg4 Qb4 38.c4 Qe1+ 39.Kg2 bxc4 40.Qh4 Bc6 41.bxc4 a4 42.c5 a3 43.Nf5+ gxf5
44.Qg5+ Kf8 45.Qh6+ Kg8 46.Qg5+ Kf8  1/2-1/2

[Event "19th Open Pula"]
[Site "Pula CRO"]
[Date "2005.06.21"]
[Round "3"]
[White "Rogic,D"]
[Black "Medak,B"]
[Result "1-0"]
[WhiteElo "2499"]
[BlackElo "2283"]

1.e4 d6 2.d4 g6 3.Nc3 Bg7 4.Be3 a6 5.a4 Nf6 6.h3 O-O 7.g4 e5 8.Bg2 exd4 9.Bxd4 Nc6
10.Be3 Ne5 11.b3 h5 12.g5 Nh7 13.Qd2 Be6 14.Rd1 Qd7 15.f4 Nc6 16.Nge2 Rfe8
17.Kf2 Rad8 18.Kg3 Qe7 19.Bf2 Nb4 20.Bf3 Nf8 21.Kh2 d5 22.Nxd5 Nxd5 23.exd5 Bxd5
24.Bxd5 Qxe2 25.Qxe2 Rxe2 26.Kg3 Rb8 27.Rhe1 Rxe1 28.Rxe1 c6 29.Bc4 b5 30.Bd3 Nd7
31.Be4 Rc8 32.Rd1 Nb8 33.Kf3 Bf8 34.f5 gxf5 35.Bxf5 Re8 36.Bg3 c5 37.Rd5 bxa4
38.bxa4 a5 39.Bd3 Rc8 40.Bc4 Nc6 41.Rd7 Nd4+ 42.Kf2 Bg7 43.Bxf7+ Kh8 44.c4 Nf5
45.Bc7 Bd4+ 46.Kf3 Bc3 47.Bxh5 Nd4+ 48.Kg4 Ne6 49.Bd6  1-0

[Event "White Nights"]
[Site "St Petersburg RUS"]
[Date "2005.06.21"]
[Round "4"]
[White "Lavrik,D"]
[Black "Mishuchkov,N"]
[Result "1/2-1/2"]
[WhiteElo "2222"]
[BlackElo "2386"]

1.e4 d6 2.d4 g6 3.Nc3 Bg7 4.Be3 c6 5.Qd2 Nd7 6.f3 Qa5 7.Bc4 b5 8.Bb3 Nb6
9.Nge2 Nc4 10.Bxc4 bxc4 11.O-O Nf6 12.Bh6 O-O 13.Bxg7 Kxg7 14.Qe3 Rb8 15.Rab1 Bd7
16.b3 cxb3 17.axb3 Rfc8 18.Ra1 Qc7 19.Nf4 e6 20.e5 Nd5 21.Ncxd5 cxd5 22.exd6 Qxd6
23.Rfc1 Rb7 24.Nd3 Bb5 25.Nc5 Re7 26.b4 f6 27.f4 a6 28.Re1 Rce8 29.Ra3 Bc4
30.Qg3 Bb5 31.Rae3 Bd7 32.h4 h5 33.c3 Bc8 34.Qf2 Qb6 35.Qe2 a5 36.bxa5 Qxa5
37.Rg3 Kf7 38.Qd3 Rg8 39.Qf3 Qc7 40.f5 Qd6 41.fxg6+  1/2-1/2

[Event "ITT Cinco Soles"]
[Site "Pinamar ARG"]
[Date "2005.06.22"]
[Round "1"]
[White "Della Morte,P"]
[Black "Valiente,C"]
[Result "1-0"]
[WhiteElo "2285"]
[BlackElo "2335"]

1.e4 d6 2.d4 g6 3.Nc3 Bg7 4.f4 Nf6 5.Nf3 O-O 6.Bd3 Nc6 7.O-O Bg4 8.Be3 e5
9.fxe5 dxe5 10.d5 Nd4 11.Qd2 Bxf3 12.gxf3 c6 13.dxc6 bxc6 14.Rad1 Rb8 15.Na4 Qc7
16.Bc4 Rbd8 17.Qf2 Nh5 18.Rd3 Qa5 19.b3 Nf4 20.Bxf4 exf4 21.Rfd1 Nb5 22.Rd7 Na3
23.Bxf7+ Kh8 24.c4 Qg5+ 25.Kh1 Qf6 26.Qxa7 Rxd7 27.Rxd7 Qa1+ 28.Qg1 Qf6 29.Qc5 Qa1+
30.Qg1 Qf6 31.Qc1 Rxf7 32.Rxf7 Qxf7 33.Qxa3 Qd7 34.Qc5 Qh3 35.Qf2 g5 36.Qg2 Qd7
37.Qe2 Qd4 38.Kg2 h5 39.h3 Qa1 40.e5 Bxe5 41.Nc5 Bd4 42.Qe8+ Kh7 43.Qxh5+ Kg8
44.Qg6+ Kh8 45.Qh6+ Kg8 46.Qxg5+ Kh8 47.Qh6+ Kg8 48.Qg5+ Kh8 49.h4 Qxa2+
50.Kh3 Qf2 51.Qh5+ Kg8 52.Ne4 Qf1+ 53.Kg4 c5 54.Qg5+ Kh8 55.Qxf4 Qg2+ 56.Qg3 Qb2
57.Qb8+ Kg7 58.Qc7+ Kf8 59.Qd8+ Kg7 60.Qe7+ Kh6 61.Qf8+  1-0

[Event "White Nights"]
[Site "St Petersburg RUS"]
[Date "2005.06.22"]
[Round "5"]
[White "Gritsenko,An"]
[Black "Utkin,Alek"]
[Result "0-1"]
[WhiteElo "2240"]
[BlackElo "2387"]

1.e4 g6 2.d4 Bg7 3.Nc3 d6 4.f4 c6 5.Nf3 Bg4 6.Be3 Qa5 7.h3 Bxf3 8.Qxf3 Nd7
9.O-O-O O-O-O 10.Bc4 e6 11.f5 exf5 12.exf5 d5 13.Bd3 Ngf6 14.g4 Rde8 15.Kb1 Bf8
16.g5 Nh5 17.f6 Bb4 18.Ne2 Bd6 19.Rhf1 Qc7 20.Bd2 Nb6 21.b3 Nd7 22.c4 dxc4
23.Bxc4 Nb6 24.Bd3 Kb8 25.Nc3 Qd8 26.d5 cxd5 27.Nxd5 Be5 28.Nxb6 Qxb6 29.Be3 Qa5
30.Rc1 Rc8 31.Bc4 Qa3 32.Rf2 Rc7 33.Bxf7 Rxf7 34.Qd5 Qd6 35.Qxf7 Qd3+ 36.Rfc2 Qxe3
37.Qe6 a6 38.Qd7 Ka7 39.Qe7 Qxg5 40.Qc5+ Ka8 41.f7 Qf5 42.Qf2 Nf4 43.a3 Qxf7
44.Ka2 Qd7 45.Qe3 Re8 46.Rd2 Qb5 47.Qf3 g5 48.Rdc2 Qd7 49.Rd1 Qxh3 50.Qe4 h5
51.Qa4 Qe6 52.Qe4 Bf6 53.Qa4 Rd8 54.Rdc1 h4 55.Rc7 Rd2+ 56.R7c2 Rxc2+ 57.Rxc2 Qe1
58.Rb2 Bxb2 59.Kxb2 Qe2+ 60.Kc3 Qd3+ 61.Kb4 Qd4+ 62.Ka5 Qc5+ 63.Qb5 Qxb5+  0-1

[Event "White Nights"]
[Site "St Petersburg RUS"]
[Date "2005.06.22"]
[Round "5"]
[White "Korchagina,V"]
[Black "Efremova,D"]
[Result "1-0"]
[WhiteElo "1974"]
[BlackElo "2056"]

1.e4 g6 2.d4 Bg7 3.Nc3 d6 4.f4 Nd7 5.Nf3 e6 6.Bd3 Ne7 7.O-O a6 8.Kh1 b5 9.Qe1 Bb7
10.a4 b4 11.Ne2 c5 12.Ng3 cxd4 13.f5 e5 14.Ng5 h6 15.Nf3 a5 16.Bc4 Ba6 17.Bxa6 Rxa6
18.Nh4 O-O 19.Qe2 Rc6 20.Nf3 Qc7 21.Ne1 Nf6 22.Bd2 Kh7 23.Rd1 d5 24.Bc1 dxe4
25.fxg6+ fxg6 26.Nxe4 Nf5 27.Kg1 Qb6 28.Rd3 Nd5 29.Nf3 Nde3 30.Bxe3 Nxe3
31.Rc1 Rf4 32.Nfd2 Rg4 33.g3 Qc7 34.h3 Rxe4 35.Nxe4 Rxc2 36.Rxc2 Qxc2 37.Qxc2 Nxc2
38.Kf2 Ne3 39.Nc5 Bf6 40.b3 Bd8 41.Nd7 Bc7 42.Nf6+ Kg7 43.Ne8+ Kf7 44.Nxc7 Ke7
45.Nb5  1-0

[Event "6th EICC"]
[Site "Warsaw POL"]
[Date "2005.06.25"]
[Round "7"]
[White "Guadalpi,D"]
[Black "Praszak,M"]
[Result "1-0"]
[WhiteElo "2317"]
[BlackElo "2261"]

1.e4 g6 2.d4 Bg7 3.Nc3 d6 4.Be3 e6 5.f4 Ne7 6.Nf3 Nd7 7.Bd3 b6 8.O-O Bb7
9.Qd2 O-O 10.f5 exf5 11.exf5 Nf6 12.Bh6 Qd7 13.Nh4 Rae8 14.Qg5 Kh8 15.fxg6 fxg6
16.Rae1 Nfg8 17.Bxg7+ Kxg7 18.Bb5 Rxf1+ 19.Rxf1 c6 20.Bc4 Rf8 21.Rxf8 Kxf8
22.Qf4+ Ke8 23.Qf7+ Kd8 24.Be6 Qe8 25.Qxh7 Nf6 26.Qg7 Nh5 27.Qf7 Qh8 28.Nf3 c5
29.d5 a6 30.Ne4 Qg7 31.Nxd6 Qxf7 32.Nxf7+  1-0

[Event "White Nights"]
[Site "St Petersburg RUS"]
[Date "2005.06.26"]
[Round "9"]
[White "Eltsov,V"]
[Black "Bryndin,V"]
[Result "0-1"]
[WhiteElo "2152"]
[BlackElo "2242"]

1.e4 g6 2.d4 Bg7 3.Nc3 d6 4.Be3 c6 5.Qd2 b5 6.Nge2 Nd7 7.g3 Nb6 8.b3 b4 9.Nd1 a5
10.Bg2 h5 11.h4 Nh6 12.f3 Ba6 13.O-O d5 14.e5 Nf5 15.Bf2 Nd7 16.Re1 e6 17.Ne3 Ne7
18.a3 c5 19.f4 Bxe2 20.Rxe2 cxd4 21.Qxd4 Nc6 22.Qd2 O-O 23.axb4 axb4 24.Rxa8 Qxa8
25.Nf1 Qa5 26.Nh2 Rc8 27.Nf3 Bf8 28.Nd4 Nxd4 29.Bxd4 Bc5 30.Kh2 Bxd4 31.Qxd4 Qc5
32.Qd1 Qc3 33.Rd2 Nc5 34.Rf2 d4 35.Bf1 Ne4 36.Rg2 Qe3 37.Bc4 Nf2 38.Qe2 Qxe2
39.Bxe2 Rxc2 40.Kg1 Ne4 41.Bd3 Rc1+ 42.Kh2 Nc5 43.Bc4 d3 44.Rf2 Ne4  0-1

[Event "6th EICC"]
[Site "Warsaw POL"]
[Date "2005.06.26"]
[Round "8"]
[White "Maze,S"]
[Black "Nyback,T"]
[Result "1/2-1/2"]
[WhiteElo "2470"]
[BlackElo "2551"]

1.e4 g6 2.d4 Bg7 3.Nc3 d6 4.Be3 a6 5.Qd2 Nd7 6.h4 h6 7.f3 b5 8.O-O-O Bb7
9.g4 c6 10.Kb1 Qc7 11.Nce2 Nb6 12.Ng3 Nf6 13.h5 g5 14.Be2 O-O-O 15.Nh3 e6
16.Qa5 Nfd7 17.f4 gxf4 18.Bxf4 c5 19.c3 Rhg8 20.Rhf1 Bf8 21.g5 hxg5 22.Bxg5 f6
23.Bh4 d5 24.Nf4 Re8 25.exd5 exd5 26.dxc5 Bxc5 27.h6 Bd6 28.Ngh5 Rh8 29.Nxf6 Nxf6
30.Bxf6 Rxh6 31.Bg4+ Kb8 32.Ne6 Qc6 33.Nd4 Qc5 34.Ne6 Qe3 35.Rfe1 Qxe1 36.Rxe1 Nc4
37.Be7 Nxa5 38.Bxd6+ Ka7 39.Bc5+ Kb8 40.Bd6+ Ka7  1/2-1/2

[Event "6th EICC"]
[Site "Warsaw POL"]
[Date "2005.06.28"]
[Round "10"]
[White "Stevic,H"]
[Black "Inarkiev,E"]
[Result "0-1"]
[WhiteElo "2514"]
[BlackElo "2612"]

1.e4 g6 2.d4 Bg7 3.Nc3 d6 4.Be3 a6 5.a4 b6 6.g3 Nf6 7.h3 Bb7 8.Bg2 O-O 9.Nge2 c5
10.O-O Qc8 11.d5 Nbd7 12.f4 Ne8 13.Rb1 f5 14.Qd3 Ndf6 15.e5 dxe5 16.fxe5 Nd7
17.Bf4 Nxe5 18.Qe3 Nd6 19.Kh2 Ndc4 20.Qc1 Nf7 21.b3 Ncd6 22.Bd2 Re8 23.Nf4 Nd8
24.Qd1 e5 25.dxe6 Bxg2 26.Kxg2 Qc6+ 27.Qf3 Ne4 28.e7 Nxd2 29.exd8=Q Qxf3+  0-1

[Event "33rd World Open"]
[Site "Philadelphia USA"]
[Date "2005.06.29"]
[Round "2"]
[White "Kacheishvili,G"]
[Black "Hess,Ro"]
[Result "1/2-1/2"]
[WhiteElo "2597"]
[BlackElo "2278"]

1.d4 g6 2.e4 Bg7 3.Nc3 d6 4.Nge2 c6 5.g3 e5 6.Bg2 Nf6 7.O-O O-O 8.a4 Re8
9.h3 Na6 10.Be3 Be6 11.g4 d5 12.dxe5 Nxe4 13.f4 f5 14.Nd4 Nc7 15.Nxe6 Nxe6
16.Nxe4 dxe4 17.gxf5 Qxd1 18.Rfxd1 gxf5 19.Bf1 Kh8 20.Bc4 Bh6 21.Bxe6 Rxe6
22.Rd6 Rxd6 23.exd6 Kg8 24.Rd1 Kf7 25.c4 Ke6 26.c5 Kd7 27.b4 Bg7 28.Kf2 Bc3
29.Rg1 b6 30.Ke2 Ke6 31.Bd2 Bxd2 32.Kxd2 bxc5 33.bxc5 Kd5 34.Rc1 Kd4 35.Ke2 Rb8
36.Kf2 Rb2+ 37.Kg3 Rb8 38.Kf2 Rb2+  1/2-1/2

[Event "6th EICC"]
[Site "Warsaw POL"]
[Date "2005.06.29"]
[Round "11"]
[White "Czarnota,P"]
[Black "Socko,B"]
[Result "0-1"]
[WhiteElo "2478"]
[BlackElo "2583"]

1.e4 g6 2.d4 Bg7 3.Nc3 d6 4.Be3 a6 5.a4 Nf6 6.h3 b6 7.f4 Bb7 8.Bd3 Nc6 9.e5 dxe5
10.fxe5 Nd5 11.Nxd5 Qxd5 12.Qd2 Nb4 13.Nf3 Nxd3+ 14.Qxd3 O-O 15.O-O b5 16.b3 b4
17.a5 Rad8 18.Ra4 c5 19.dxc5 Qxd3 20.cxd3 Rxd3 21.Rxb4 Bd5 22.Rd4 Rxd4 23.Bxd4 Rb8
24.Rc1 Bh6 25.Rc3 Rxb3 26.Rxb3 Bxb3 27.c6 Kf8 28.Bb6 Ke8 29.Kf2 Bd5 30.c7 Kd7
31.h4 Bg7 32.Ne1 Bxe5 33.Nd3 Bxc7 34.Nc5+ Kc6 35.Bxc7 Kxc7 36.Nxa6+ Kc6 37.Nb8+ Kd6
38.g4 f5 39.g5 f4 40.Na6 e5 41.Nb4 e4 42.a6 Ba8 43.a7 Bb7 44.Ke1 Ke5 45.Na6 Kf5
46.Nc7 Kg4 47.a8=Q Bxa8 48.Nxa8 Kxh4 49.Nb6 Kxg5 50.Nc4 h5 51.Kf2 Kf6 52.Nd6 e3+
53.Kf3 g5 54.Ne4+ Kg6 55.Nd6 g4+  0-1

[Event "6th EICC"]
[Site "Warsaw POL"]
[Date "2005.06.30"]
[Round "12"]
[White "Brkic,A"]
[Black "Nevednichy,V"]
[Result "1/2-1/2"]
[WhiteElo "2477"]
[BlackElo "2566"]

1.e4 g6 2.d4 Bg7 3.Nc3 d6 4.f4 a6 5.Nf3 b5 6.a4 b4 7.Ne2 a5 8.Ng3 c6 9.Bd3 Qb6
10.c3 h5 11.h4 Bg4 12.f5 gxf5 13.Nxf5 Bf6 14.Qe2 Nd7 15.Bf4 Bxf5 16.exf5 c5
17.Qe4 Rd8 18.Bb5 Kf8 19.Rd1 Nh6 20.O-O Ng4 21.Ng5 cxd4 22.cxd4 Kg7 23.Qd5 Rhf8
24.Kh1 Qa7 25.Be2 Rc8 26.Bxg4 hxg4 27.Be3 Qa8 28.Qxa8 Rxa8 29.Rf4 Nb6 30.Rxg4 Kh8
31.b3 Nd5 32.Rd3 Rac8 33.Bd2 Rc2 34.Ne4 Re8 35.Rgg3 Rb2 36.Rgf3 Rg8 37.Bg5 Rc8
38.Bd2 Rg8 39.Bg5 Rc8 40.Bd2  1/2-1/2